| 000 | 00532nam a22001577a 4500 | ||
|---|---|---|---|
| 003 | OSt | ||
| 005 | 20151001161111.0 | ||
| 008 | 151001b xxu||||| |||| 00| 0 eng d | ||
| 040 | _cRUA | ||
| 082 | _aAVM SEA 1996 B069 Or.1 | ||
| 100 |
_91704 _aSEA VISALRATH |
||
| 245 | _aStudy on rabies in cambodia, (ការសិក្សាលើជំងឺឆ្កែឆ្កួតនៅព្រះរាជាណាក្រកម្ពុជា) | ||
| 260 |
_aphnom penh _bRUA _c1996 |
||
| 300 |
_a50p. _bill. _c29cm. |
||
| 942 |
_2ddc _cAVM |
||
| 999 |
_c1607 _d1607 |
||